ბათუმის შოთა რუსთაველის სახელმწიფო უნივერსიტეტის ბიბლიოთეკა

Преобразования и перестановки. (ბიბ.ჩანაწერი № 39045)

000 -LEADER
fixed length control field 00639nam a2200217Ia 4500
001 - CONTROL NUMBER
control field 5566
003 - CONTROL NUMBER IDENTIFIER
control field GE_BSU
008 - FIXED-LENGTH DATA ELEMENTS--GENERAL INFORMATION
fixed length control field 181216s||||||||xx |||||||||||||| ||und||
040 ## - CATALOGING SOURCE
Transcribing agency GE_BSU
080 ## - UNIVERSAL DECIMAL CLASSIFICATION NUMBER
Universal Decimal Classification number 51ё2.54+519
100 ## - MAIN ENTRY--PERSONAL NAME
Personal name Калужин,Л. А В. И. Сущанский.
245 ## - TITLE STATEMENT
Title Преобразования и перестановки.
245 ## - TITLE STATEMENT
Statement of responsibility, etc. Пер сукраинского Г.И фалина
250 ## - EDITION STATEMENT
Edition statement 2-е изд..
260 ## - PUBLICATION, DISTRIBUTION, ETC.
Place of publication, distribution, etc. Москва:
260 ## - PUBLICATION, DISTRIBUTION, ETC.
Name of publisher, distributor, etc. Наука,
260 ## - PUBLICATION, DISTRIBUTION, ETC.
Date of publication, distribution, etc. 1985
300 ## - PHYSICAL DESCRIPTION
Extent 158 с.22 см.
653 ## - INDEX TERM--UNCONTROLLED
Uncontrolled term Преобразования и перестановки.
942 ## - ADDED ENTRY ELEMENTS (KOHA)
Koha item type წიგნი
ეგზემპლარები
Withdrawn status Lost status Damaged status Not for loan Date acquired Barcode Date last seen Price effective from Koha item type
        2018-12-17 16357 2018-12-17 2018-12-17 წიგნი
        2018-12-17 16305 2018-12-17 2018-12-17 წიგნი